Normal view MARC view
  • Método Montessori

Entry Materia

Number of records used in: 64

001 - NÚMERO DE CONTROL DEL REGISTRO

  • campo de control: 4100

003 - IDENTIFICADOR DE NUMERO DE CONTROL

  • campo de control: UPN

005 - FECHA Y HORA DE LA ÚLTIMA TRANSACCIÓN

  • campo de control: 20230509160506.0

008 - DATOS DE LONGITUD FIJA

  • campo de control de longitud fija: 230509n||acnnnbabn a ana |d

035 ## - NÚMERO DE CONTROL DEL SISTEMA

  • Número de control del sistema: UPN10000004100

040 ## - FUENTE DE LA CATALOGACIÓN

  • Centro catalogador de origen: UPN
  • Lengua de catalogación: spa
  • Agencia de transcripción: UPN

046 ## - FECHAS CON CODIFICACIÓN ESPECIAL

  • Fecha final para contenidos agregados: 2023

150 ## - ENCABEZAMIENTO - TEMÁTICO

  • Término de materia o nombre geográfico como elemento inicial: Método Montessori

450 ## - VÉASE - MATERIA

  • Encabezamiento temático: Montessori, Método de educación de

450 ## - VÉASE - MATERIA

  • Encabezamiento temático: Enseñanza Montessori

450 ## - VÉASE - MATERIA

  • Encabezamiento temático: Método de educación Montessori

450 ## - VÉASE - MATERIA

  • Encabezamiento temático: Método de Montessori

550 ## - VÉASE ADEMÁS - MATERIA

  • Subcampo de control: g
  • Encabezamiento temático o nombre geográfico como elemento de entrada: Enseñanza

550 ## - VÉASE ADEMÁS - MATERIA

  • Subcampo de control: g
  • Encabezamiento temático o nombre geográfico como elemento de entrada: Jardín de niños

670 ## - FUENTE EN LA QUE SE LOCALIZARON DATOS

  • Cita de la fuente: Autoridades Librunam, 9 mayo 2023:
  • Información localizada: (Método Montessori)

902 ## - CATALOGADOR

  • Catalogador: JMG/201098

902 ## - CATALOGADOR

  • Catalogador: Víctor Ruiz/090523